Ro̕ torrentoso La identidad personal en tiempos modernos /

Detalles Bibliográficos
Autor principal: Friedman, Lawrence M.
Formato: eBook
Lenguaje:español
Publicado: Lima: Palestra Editores, 2020
Materias:
Acceso en línea:Acceso restringido

MARC

LEADER 00000nam a22000007a 4500
005 20220822224750.0
007 cr|||| ||||
008 220822s2020 pe |||||s|||| 00||0 spa d
020 |a 9786123251567 
035 |a 36920 
040 |a vLex 
090 |c 13776  |d 13776 
100 1 |a Friedman, Lawrence M. 
245 1 0 |a Ro̕ torrentoso  |h [Recurso electrn̤ico] :  |b La identidad personal en tiempos modernos /  |c Lawrence M. Friedman 
256 |a Servicio en ln̕ea 
260 |a Lima:  |b Palestra Editores,  |c 2020 
300 |a 1 recurso electrn̤ico 
500 |a ‘¿Quiň soy yo?’ Hay una doble forma de responder a esta pregunta o, para decirlo de otra manera, “dos impulsos contradictorios: la identidad como la individualidad n︢ica de una persona (como en el documento de ‘identidad’), o la identidad como un denominador comn︢ que coloca a un individuo dentro de un grupo (como en las ‘polt̕icas de identidad’)”. Lawrence M. Friedman centra su ensayo en la reconstruccin̤ de la identidad personal en los l︢timos tiempos. Segn︢ argumenta en este volumen, en el mundo moderno —o, para ser ms̀ precisos, en el siglo XIX y ms̀ all̀— la identidad personal, se volvi ̤ms̀ problemt̀ica, ms̀ confusa; mezclada y borrosa, de una manera bastante nueva; o al menos, en formas mucho ms̀ intensas que las viejas formas. Cm̤o sucedi ̤esto y por qu,̌ y cul̀es han sido las consecuencias, constituyen los principales temas: cambios en el propio sentido de identidad de las personas; en la identidad que transmitieron o eligieron transmitir; y en su sentido de la identidad de las personas que las rodean. 
506 1 |a Disponible solo en los productos indicados  |d vLex Global  |d vLex Global (Academic Edition, excluding Law Schools)  |d vLex Global (U.S. Academic Edition, Law Schools)  |d vLex Global (U.S. Academic Edition, excluding Law Schools)  |d vLex Global (Academic Edition, Law Schools) 
650 0 4 |a Derecho Militar  |z Per︢ 
650 0 4 |a Filosofa̕ y religin̤  |z Per︢ 
740 0 |a vLex Libros (Servicio en ln̕ea) 
856 4 0 |u https://app.vlex.com/#/sources/36920  |z Acceso restringido 
942 |c BOOK 
999 0 |a Military Law 
999 0 |a Philosophy and religion